Justicia transicional y postconflicto

Bibliographic Details
Main Author: Sharp, Dustin N.
Other Authors: Arbour, Louise, Waldorf, Lars, Torres, Fľix Eduardo
Format: eBook
Language:Spanish
Published: Bogot:̀ Siglo del Hombre Editores, 2019
Subjects:
Online Access:Acceso restringido

MARC

LEADER 00000nam a22000007a 4500
005 2021050309479.0
007 cr|||| ||||
008 210503s2019 co |||||s|||| 00||0 spa d
020 |a 978-958-665-556-9 
035 |a 33246 
040 |a vLex 
090 |c 11604  |d 11604 
100 1 |a Sharp, Dustin N. 
245 1 0 |a Justicia transicional y postconflicto  |h [Recurso electrn̤ico] /  |c Dustin N. Sharp, Louise Arbour, Lars Waldorf, Fľix Eduardo Torres 
256 |a Servicio en ln̕ea 
260 |a Bogot:̀  |b Siglo del Hombre Editores,  |c 2019 
300 |a 1 recurso electrn̤ico 
500 |a Este volumen explora el camino que ha recorrido el campo de la justicia transicional desde sus org̕enes en el Cono Sur, con el trǹsito de las dictaduras a la democracia, hasta su configuracin̤ actual en escenarios de (post)conflicto armado. A travš de un anl̀isis de las principales necesidades y los objetivos de las sociedades en estos momentos de cambio polt̕ico y legal, los textos que integran este libro ofrecen un anl̀isis crt̕ico de las oportunidades y los riesgos que surgen con la aplicacin̤ de la justicia transicional. Libro en coedicin̤ con la Facultad de Derecho de la Universidad de los Andes. 
506 1 |a Disponible solo en los productos indicados  |d vLex Global  |d vLex Global (Academic Edition, excluding Law Schools)  |d vLex Global (U.S. Academic Edition, Law Schools)  |d vLex Global (U.S. Academic Edition, excluding Law Schools)  |d vLex Global (Academic Edition, Law Schools) 
650 0 4 |a Derecho Pb︢lico y Administrativo  |z Colombia 
700 1 |a Arbour, Louise 
700 1 |a Waldorf, Lars 
700 1 |a Torres, Fľix Eduardo 
740 0 |a vLex Libros (Servicio en ln̕ea) 
856 4 0 |u https://vlex.com/source/justicia-transicional-y-postconflicto-33246  |z Acceso restringido 
942 |c BOOK 
999 0 |a Public and Administrative Law